Snatok mahalar rajnaitik tattwa aru Plato, Aristotelor rajnaitik darsan (Record no. 297)

MARC details
000 -LEADER
fixed length control field 00636cam a2200205ua 4500
008 - FIXED-LENGTH DATA ELEMENTS--GENERAL INFORMATION
fixed length control field 110330n ii |||gr||||Z||||||asm
040 ## - CATALOGING SOURCE
Transcribing agency MAIN
082 ## - DEWEY DECIMAL CLASSIFICATION NUMBER
Classification number 320.5
245 1# - TITLE STATEMENT
Title Snatok mahalar rajnaitik tattwa aru Plato, Aristotelor rajnaitik darsan
Statement of responsibility, etc. by Jaigeswar Borah
250 ## - EDITION STATEMENT
Edition statement 1st.
260 ## - PUBLICATION, DISTRIBUTION, ETC.
Place of publication, distribution, etc. Dibrugarh:
Name of publisher, distributor, etc. Students Amporium,
Date of publication, distribution, etc. 2002.
300 ## - PHYSICAL DESCRIPTION
Extent 386p:
Dimensions 20cm.
700 ## - ADDED ENTRY--PERSONAL NAME
Personal name Borah, Jaigeswar.,
Relator term
700 ## - ADDED ENTRY--PERSONAL NAME
Personal name Lahan, Thaneswar.,
Relator term
942 ## - ADDED ENTRY ELEMENTS (KOHA)
Koha item type Books
653 ## - INDEX TERM--UNCONTROLLED
Uncontrolled term Political science
653 ## - INDEX TERM--UNCONTROLLED
Uncontrolled term Political tattwa
653 ## - INDEX TERM--UNCONTROLLED
Uncontrolled term Snatak mahalor rajnaitik tattwa aru Plato, Aristotelor rajnaitik darsan
Holdings
Withdrawn status Lost status Damaged status Not for loan Home library Current library Shelving location Date acquired Total Checkouts Full call number Barcode Date last seen Copy number Price effective from Koha item type
        Central Library, Naharkatiya College Central Library, Naharkatiya College   19/09/2020   320.5 | BOR 16021 19/09/2020 2 19/09/2020 Books
        Central Library, Naharkatiya College Central Library, Naharkatiya College   19/09/2020   320.5 | BOR 16023 19/09/2020 1 19/09/2020 Books

Naharkatiya College © 2020. All rights reserved.

Powered By